Szczegóły MARC21

Ekonomika i organizacja przedsiębiorstw handlowych i usługowych : skrypt dla studentów kierunku ekonomika obrotu towarowego i usług. Cz. 2 /

003 -Nazwa inst., której nr kontr. jest w polu 001 [,]
    • @
    • Nazwa instytucji, której n kontrolny jest w polu 001
    • NUKAT
005 -DATA I CZAS OSTATNIEJ MODYFIKACJI [,]
    • @
    • pole kontrolne
    • 20241231115705.0
040 -Instytucja sporządzająca opis [ , ]
    • a
    • Instytucja, która sporządziła opis (NP)
    • NUKAT
    • c
    • Instytucja, która sporządziła rekord (NP)
    • LUBL U/DP
    • d
    • Instytucja, która zmodyfikowała rekord (P)
    • LUBL U/WAG
942 -Rodzaj dokumentu [ , ]
    • c
    • Rodzaj dokumentu
    • Książka
100 -Hasło główne - nazwa osobowa [1, ]
    • a
    • Nazwa osobowa (NP)
    • Zajączkowski, Mirosław.
    • 9
    • KHW
    • 521467
245 -Strefa tytułu i oznaczenia odpowiedzialności [1,0]
    • a
    • Tytuł
    • Ekonomika i organizacja przedsiębiorstw handlowych i usługowych : Find
    • b
    • Ciąg dalszy tytułu (NP)
    • skrypt dla studentów kierunku ekonomika obrotu towarowego i usług. Find
    • n
    • Oznaczenie części (P)
    • Cz. 2 /
    • c
    • Pozostałe elementy strefy tytułu i oznaczenia odpowiedzialności (NP)
    • Mirosław Zajączkowski.
250 -Strefa wydania [ , ]
    • a
    • Oznaczenie wydania (NP)
    • Wyd. 2 zm.
260 -Strefa adresu wydawniczego [ , ]
    • a
    • Miejsce wydania (P)
    • Szczecin :
    • b
    • Nazwa wydawcy (P)
    • Wydawnictwo Naukowe Uniwersytetu Szczecińskiego,
    • c
    • Data wydania (P)
    • 1990.
300 -Strefa opisu fizycznego [ , ]
    • a
    • Określenie formy książki i/lub objętość (NP)
    • 394 s. ;
    • c
    • Format (NP)
    • 24 cm.
336 -Typ zawartości [ , ]
    • a
    • Termin opisujący typ zawartości
    • Tekst
    • b
    • Kod określający zawartość
    • txt
    • 2
    • Źródło (terminu i kodu)
    • rdacontent
337 -Typ mediów [ , ]
    • a
    • Tryb odtwarzania
    • Bez urządzenia pośredniczącego
    • b
    • Kod typu mediów
    • n
    • 2
    • Źródło (terminu i kodu)
    • rdamedia
338 -Typ/rodzaj nośnika [ , ]
    • a
    • Hasło opisujące typ nośnika
    • Wolumin
    • b
    • Kod typu nośnika
    • nc
    • 2
    • Źródło (terminu i kodu)
    • rdacarrier
080 -Uniwersalna Klasyfikacja Dziesiętna [ , ]
    • a
    • Symbol klasyfikacji
    • 658.7/.8
080 -Uniwersalna Klasyfikacja Dziesiętna [ , ]
    • a
    • Symbol klasyfikacji
    • :371.671.1(0:378)
980 -Symbol UKD [ , ]
    • a
    • UKD
    • 658.7/.8:371.671.1(0:378)
710 -Hasło dodatkowe - nazwa ciała zbiorowego [2, ]
    • a
    • Nazwa ciała zbiorowego lub nazwa geograficzna jako pierwszy element (NP)
    • Uniwersytet Szczeciński.
    • b
    • Nazwa jednostki podrzędnej (P)
    • Wydawnictwo Naukowe.
    • 4
    • Kod relacji
    • pbl
    • 9
    • KHW
    • 51208
Status udost. Numer inwentarzowy Lokalizacja Data inwentaryzacji
-2E.59371BE2004-06-22
-3S.69953BE2004-06-22
2S.69954BE2004-06-22
2S.69955BE2004-06-22
2S.69956BE2004-06-22
2S.69957BE2004-06-22
2S.69958BE2004-06-22
2S.69959BE2004-06-22
2S.69960BE2004-06-22
2S.69961BE2004-06-22
2S.69962BE2004-06-22
2S.69963BE2004-06-22
2S.69964BE2004-06-22
2S.69965BE2004-06-22
2S.69966BE2004-06-22
2S.69967BE2004-06-22
2S.69968BE2004-06-22
2S.69969BE2004-06-22
2S.69970BE2004-06-22
2S.69971BE2004-06-22
2S.69972BE2004-06-22
2S.69973BE2004-06-22
2S.69974BE2004-06-22
2S.69975BE2004-06-22
2S.69976BE2004-06-22
2S.69977BE2004-06-22
2S.69978BE2004-06-22
2S.69979BE2004-06-22
2S.69980BE2004-06-22
2S.69981BE2004-06-22
2S.69982BE2004-06-22
2S.69983BE2004-06-22
2S.69984BE2004-06-22
2S.69985BE2004-06-22
2S.69986BE2004-06-22
2S.69987BE2004-06-22
2S.69988BE2004-06-22
2S.69989BE2004-06-22
2S.69990BE2004-06-22
2S.69991BE2004-06-22
2S.69992BE2004-06-22
2S.77770BE2004-06-22
-3T.8156T2004-09-24